[Event "Brno Duras op-A"]
[Site "Brno"]
[Date "2010.07.03"]
[Round "7"]
[White "Dvorek, Adam"]
[Black "Kratochvil, Karel"]
[Result "0-1"]
[WhiteElo "1851"]
[BlackElo "2157"]
[PlyCount "60"]
[EventDate "2010.06.27"]
[EventType "swiss"]
[EventRounds "9"]
[EventCountry "CZE"]
[SourceTitle "CBM 137 Extra"]
[Source "ChessBase"]
[SourceDate "2010.09.01"]
[SourceVersion "1"]
[SourceVersionDate "2010.09.01"]
[SourceQuality "1"]

1. e4 g6 2. d4 Bg7 3. c4 c5 4. Nf3 Nc6 5. d5 Nd4 6. Nc3 d6 7. h3 e5 8. g4 Ne7 9. Bd3 Bd7 10. Nxd4 cxd4 11. Ne2 h5 12. g5 Qc8 13. h4 Bg4 14. Qa4+ Kf8 15. Ng1 f5 16. Qc2 fxe4 17. Bxe4 Bf5 18. Bxf5 gxf5 19. Qe2 e4 20. Bf4 d3 21. Qd2 Qxc4 22. Bxd6 Qxd5 23. Bxe7+ Kxe7 24. Qb4+ Ke6 25. Nh3 Be5 26. Kd2 Rac8 27. Rac1 Rc2+ 28. Rxc2 dxc2+ 29. Kc1 Rd8 30. Qe1 Qxa2 0-1

[Event "Brno Duras op-A"]
[Site "Brno"]
[Date "2010.07.01"]
[Round "5"]
[White "Sladek, Vladislav"]
[Black "Dvorek, Adam"]
[Result "0-1"]
[WhiteElo "2080"]
[BlackElo "1851"]
[PlyCount "84"]
[EventDate "2010.06.27"]
[EventType "swiss"]
[EventRounds "9"]
[EventCountry "CZE"]
[SourceTitle "CBM 137 Extra"]
[Source "ChessBase"]
[SourceDate "2010.09.01"]
[SourceVersion "1"]
[SourceVersionDate "2010.09.01"]
[SourceQuality "1"]

1. e4 c5 2. Nf3 d6 3. d4 cxd4 4. c3 dxc3 5. Nxc3 Nc6 6. Bc4 Nf6 7. e5 dxe5 8. Qxd8+ Nxd8 9. Nb5 Rb8 10. Nxe5 e6 11. Be3 Bb4+ 12. Ke2 0-0 13. Bxa7 Ra8 14. Bb6 Nc6 15. Nd3 Ba5 16. Bc5 Rd8 17. b4 b6 18. Bd6 Ba6 19. Bc7 Bxb5 20. Bxd8 Bxc4 21. Bxf6 Bxd3+ 22. Ke3 Nxb4 23. a3 Nd5+ 24. Kxd3 gxf6 25. Rab1 Rd8 26. Kc4 f5 27. Rbd1 Kg7 28. h3 Kf6 29. Rd4 Rc8+ 30. Kb5 Rc5+ 31. Ka6 Nc7+ 32. Kb7 Nb5 33. Rh4 Kg6 34. a4 Nd6+ 35. Ka6 e5 36. f4 Rc4 37. g4 e4 38. gxf5+ Nxf5 39. Rg1+ Kf6 40. Rxh7 e3 41. Rg2 Rxf4 42. h4 Rf2 0-1